| 000 | 00460nam a2200181Ia 4500 | ||
|---|---|---|---|
| 001 | 23702 | ||
| 005 | 20260414150955.0 | ||
| 008 | 260414t2015||||xx |||||||||||||| ||spa|| | ||
| 041 | _aESP | ||
| 082 |
_a691.9 _bM26 |
||
| 100 |
_aMartínez Barrera, Gonzalo _eAUT |
||
| 245 | 0 |
_aMateriales sustentables y reciclados en la construcción _b |
|
| 260 | _c2015 | ||
| 300 |
_a147 páginas : _c24 cm. |
||
| 650 | _a0 | ||
| 654 | _aCIC | ||
| 942 |
_cLIB _dJUS _fJUS _2ddc _n |
||
| 999 |
_c23702 _d23702 |
||